La era de hielo / (Registro nro. 8291)
[ vista simple ]
| 000 -LIDER | |
|---|---|
| fixed length control field | 00798nam a22002297a 4500 |
| 003 - IDENTIFICACDOR DE NÚMERO DE CONTROL | |
| control field | DO-SdBNP |
| 005 - DATE AND TIME OF LATEST TRANSACTION | |
| control field | 20180221112214.0 |
| 008 - ELEMENTOS DE LONGITUD FIJA | |
| fixed length control field | 150925b 2012 cc a00| 0 spa d |
| 020 ## - ISBN | |
| International Standard Book Number | 9789962040446 |
| 040 ## - FUENTE DE CATALOGACIÓN | |
| Agencia que crea de manera original el registro | BPMSU |
| Idioma de catalogación | spa |
| Agencia que realiza la transcripción | BPMSU |
| 082 #4 - NÚMERO DE CLASIFICACIÓN DECIMAL DE DEWEY | |
| Classification number | xxxx |
| Item number | xxxx |
| 245 03 - MENCIÓN DE TITULO | |
| Título | La era de hielo / |
| Mención de responsabilidad | dirección y coordinación editorial María Cristina Parra Rodríguez, ilustraciones Liliana Páez, Marlen Mora, Hernando Martínez |
| 260 ## - PUBLICACIÓN, DISTRIBUCIÓN, ETC. (PIE DE IMPRENTA) | |
| Lugar de publicación, distribución, etc | China : |
| Nombre del editor, distribuidor, etc. | Lexus, |
| Fecha de publicación, distribución, etc | 2012. |
| 300 ## - DESCRIPCIÓN FÍSICA | |
| Extensión | 160 p. : |
| Otros detalles físicos | ils., + lentes 3D + DVD ; |
| Dimensiones | 32 cm. |
| 700 12 - ASIENTO SECUNDARIO -- NOMBRE PERSONAL | |
| Nombre personal | Parra Rodríguez, María Cristina, |
| Mención de responsabilidad | Dir. ed. |
| 700 12 - ASIENTO SECUNDARIO -- NOMBRE PERSONAL | |
| Nombre personal | Páez, Liliana, |
| Mención de responsabilidad | il. |
| 700 12 - ASIENTO SECUNDARIO -- NOMBRE PERSONAL | |
| Nombre personal | Mora, Marlen, |
| Mención de responsabilidad | il. |
| 700 10 - ASIENTO SECUNDARIO -- NOMBRE PERSONAL | |
| Nombre personal | Martínez, Hernando, |
| Mención de responsabilidad | il. |
| 942 ## - ADDED ENTRY ELEMENTS (KOHA) | |
| Source of classification or shelving scheme | Dewey Decimal Classification |
| Koha item type | Libros |
| 945 ## - INFORMACIÓN DE PROCESAMIENTO LOCAL | |
| Información de procesamiento local | Inventariado, 2018 / BT |
| 956 ## - LOCAL ELECTRONIC LOCATION AND ACCESS (OCLC) | |
| Nombre de host | BTAVAREZ |
| Número de acceso | 10 |
| Trayectoria | 20150929 |
| Nombre Electrónico | BPMSU |
| Procesador de solicitud | 0038 |
| Withdrawn status | Lost status | Source of classification or shelving scheme | Damaged status | Not for loan | Collection code | Home library | Current library | Date acquired | Source of acquisition | Total Checkouts | Full call number | Barcode | Date last seen | Price effective from | Koha item type | Copy number |
|---|---|---|---|---|---|---|---|---|---|---|---|---|---|---|---|---|
| Dewey Decimal Classification | Colección Infantil General | Biblioteca Pública Metropolitana Salomé Ureña | Biblioteca Pública Metropolitana Salomé Ureña | 09/25/2015 | COMPRA | xxxx xxxx | BPMSU15090167 | 09/25/2015 | 09/25/2015 | Libros | ||||||
| Dewey Decimal Classification | Colección Infantil General | Biblioteca Pública Metropolitana Salomé Ureña | Biblioteca Pública Metropolitana Salomé Ureña | 02/23/2018 | COMPRA | xxxx xxxx | BPMSU18020258 | 02/23/2018 | 02/23/2018 | Libros | e. 2 |